00776nam a2200193 a 4500001000900000005001700009008004100026040001800067050002300085245006100108260004100169300004100210500010100251504002600352610006600378650004600444650005800490651003400548BRCA_17920190320202917.0981215s1997 mx-a---##b---#000-0#spa-# aDLCcDLCdDLC 4aNE544.3b.C75 199710aCrónica de Méxicobestampas mexicanas del siglo XIX. aPuebla, MéxicobMuseo Amparoc1997 a67 p.bil. (algunas a color)c24 cm. aCatálogo de la exposición realizada en el Museo Amparo (Puebla, México) julio-octubre 1997 aBibliografía: p. 6724aBanco de México (1925- )vExposicionesxColecciones de arte14aGrabado mexicanovExposicionesySiglo XIX14aGrabadovExposicionesxColecciones privadaszMéxico 4aMéxicovHistoriaySiglo XIX